| 000 | 00623nam a2200217Ia 4500 | ||
|---|---|---|---|
| 005 | 20250508170108.0 | ||
| 008 | 008 250505s9999 xx 000 0 eng d | ||
| 020 | _a978-93-5287-740-9 | ||
| 037 | _aTextual | ||
| 040 |
_aFEDL _beng _cFEDL |
||
| 041 |
_aeng _2eng |
||
| 084 |
_a001.53, NEG _qFEDL |
||
| 100 |
_aNegi Surabhi _9781081 |
||
| 245 | 0 | _aCyber- Bullying in schools: An exploration | |
| 260 |
_aNew Delhi, India _bAnsh Book International _c2019 |
||
| 300 | _axi, 185p. | ||
| 365 |
_aINR _b650 |
||
| 700 |
_a Kanvaria Vinod _9783002 |
||
| 942 |
_cTEXL _h001.53, NEG |
||
| 999 |
_c1399187 _d1399187 |
||